000 02008nam0a22003371 4500
001 v19\rc\1985753
005 20260406143457.0
035 _a(NLR Aleph) 005271988
090 _a6009351
_c6009351
100 _a20080623d1914 |||y0rusy50 ca
101 1 _arus
_cger
102 _aRU
105 _ay z |||||
200 1 _aОт Мукдена до Портсмута
_eпоучения и выводы из Русско-японской войны
_fсост. бар. фон-Теттау, состоявший во время войны при рус. армии
_gс нем. пер. М. Грулев
210 _aС.-Петербург
_cВ. Березовский
_d1914
215 _a[6], 107 с.
_d23
225 1 _aРусско-японская война в наблюдениях и суждениях иностранцев
_vвып. 32
316 _aЭкз. РНБ на шифре: РЗФ XIII-7847(32) из Библиотеки Николая II c золотым тиснением на корешке: Императорская корона и монограмма "Н II"
_aВ конце кн. рукоп. помета: Кн. поступлений N 125 27 янв. 1915 года из склада Березовского
_5NLR: РЗФI XIII-7847(32)
700 1 _4220
_8rus
_7ca
_aТеттау
_bЭ. фон
_f1857-1922
_gЭберхард фон
_3RU\NLR\AUTH\7779961
_962889
702 1 _4730
_8rus
_7ca
_aГрулев
_bМ. В.
_f1858-ок.1943
_gМихаил Владимирович
_3RU\NLR\AUTH\772146
_9112162
702 0 _4390
_8rus
_7ca
_aНиколай
_cимператор российский
_dII
_f1868-1918
_3RU\NLR\AUTH\773750
_9113742
790 1 _9z01700
_aТеттау
_bЭ.
_f1857-
_gЭбергард
801 0 _aRU
_bNLR
_c20080623
_gpsbo
801 0 _aRU
_bRuMoRGB
_c20080623
_2psbo
801 1 _aRU
_bProSoft-M
_c20080623
_2rusmarc
801 2 _aRU
_bNLR
_c20090904
_2rusmarc
852 _aNLR
_j38.78.6.74(32)
852 _aNLR
_bРЗФ
_jXIII-7847(32)
942 _cBOOK
980 _aNB